Comic book characters by picture - Statistics

General Stats
  • This quiz has been taken 23 times
  • The average score is 8 of 20
Answer Stats
Picture Answer % Correct
Papa Smurf
100%
Spider-Man
100%
Super Man
100%
Garfield
95%
Donald Duck
86%
Hell Boy
76%
Scott Pilgrim
67%
Astro Boy
62%
Tin Tin
52%
Asterix
43%
TEX Willer
10%
Alan Ford
5%
Dylan Dog
5%
Grendel - Christine Spar
5%
Martin Mystere
5%
Mister no
5%
Zagor
5%
Blek
0%
Diabolik
0%
Ken Parker
0%
No matching quizzes found
Score Distribution
Percent of People with Each Score
Percentile by Number Answered
Your Score History
You have not taken this quiz